Missing Word: Jazz Standards Quiz Stats

Quiz Updated Dec 4, 2017

Challenge
Share
Tweet
Embed
Score 0/20 Timer 04:00
0 Plays Today
Song Missing Word % Correct
The ____ from IpanemaGirl
90.3%
Tea for ____Two
90.2%
____ Rain or ____ ShineCome
81.9%
Sweet ____ BrownGeorgia
77.5%
My ____ ValentineFunny
77.3%
Honeysuckle ____Rose
71%
In a Sentimental ____Mood
66.6%
____ the BeguineBegin
64%
Take ____Five
63.6%
Over the ____Rainbow
63.2%
Song Missing Word % Correct
____ LeavesAutumn
62.6%
____ to a KissPrelude
60.3%
All the ____ You AreThings
58.5%
____ and SoulBody
57%
How ____ the MoonHigh
56.4%
A ____ in TunisiaNight
50.6%
'Round ____Midnight
46.6%
What's ____?New
41.5%
I'm Getting ____ Over YouSentimental
20.9%
____ for DebbyWaltz
18.2%

Today's Daily Dose

Missing Word
For Dummies Books

Word Ladder
Ariana Grande

Quick Pick
1970s Authors

On This Day
June 21st II

You're not logged in!

Compare scores with friends on all Sporcle quizzes.
Join for Free
OR
Log In

You Might Also Like...

Show Comments

Extras

Top Quizzes Today


Score Distribution

Your Account Isn't Verified!

In order to create a playlist on Sporcle, you need to verify the email address you used during registration. Go to your Sporcle Settings to finish the process.

Report this User

Report this user for behavior that violates our Community Guidelines.

Details: